| 000 | 00684nam a22001817a 4500 | ||
|---|---|---|---|
| 999 |
_c61677 _d61677 |
||
| 005 | 20240416123431.0 | ||
| 008 | 240416s1986 enk||||| |||| 00| 0 eng d | ||
| 020 | _a9780136571646x | ||
| 041 | _aeng | ||
| 080 | _a616-53.2 C-87 | ||
| 100 |
_aCratty, Bryant J. _921812 |
||
| 245 |
_aPerceptual and Motor Development in Infants and Children / _cBryant J. Cratty. |
||
| 264 |
_aNew Jersey: _bPrentice Hall, _c1986. |
||
| 300 |
_a424 p.: _bill.; _c24 cm. |
||
| 653 | _aაღქმის და მოტორული განვითარება ჩვილებსა და ბავშვებში | ||
| 653 | _aმედიცინა | ||
| 942 |
_2udc _cᲬᲘᲒᲜᲘ |
||